Cartas marruecas

Đã lưu trong:
Chi tiết về thư mục
Tác giả chính: Cadalso, José de (Tác giả)
Định dạng: Sách
Ngôn ngữ:Tiếng Tây Ban Nha
Được phát hành: Zaragoza Ebro 1980
Loạt:Biblioteca Clásica Ebro. Clásicos Españoles
Những chủ đề:
Các nhãn: Thêm thẻ
Không có thẻ, Là người đầu tiên thẻ bản ghi này!

MARC

LEADER 00000nam a2200000 a 4500
001 UCT6724
003 CL-VaPUC
008 970113e19800000SP |||||||||||||||||spa|d
082 0 4 |a 866  |b CAD  |2 21 
100 0 |a Cadalso, José de  |e author  |9 315723 
245 1 0 |a Cartas marruecas 
300 |a 133 p 
942 |c BK 
945 |d 19970113 00:00:00  |a nastorga 
260 |a Zaragoza  |b Ebro  |c 1980 
650 7 |a CORRESPONDENCIAS  |2 CL-VaPUC  |9 256500 
650 0 |a Historia  |9 255047 
650 0 |a Cronología   |9 268356 
651 0 |a Europa  |9 255156 
651 0 |a España  |9 254926 
583 |a last modification  |c 19970113 00:00:00  |k Rodrigo Vera 
490 0 |a Biblioteca Clásica Ebro. Clásicos Españoles 
999 |c 255401  |d 255399 
952 |0 0  |1 0  |4 0  |6 866_000000000000000_CAD_1980  |7 0  |8 A  |9 277625  |a BIBEDU  |b BIBEDU  |d 2019-11-19  |i 327134K  |o 866 CAD 1980  |p 327134K  |r 2019-11-19  |w 2019-11-19  |y BK  |k LIT